UBT Library

Managerial accounting : (Record no. 47390)

000 -LEADER
fixed length control field 00802cam a22002414a 4500
001 - CONTROL NUMBER
control field 12475113
005 - DATE AND TIME OF LATEST TRANSACTION
control field 20180829043530.0
008 - FIXED-LENGTH DATA ELEMENTS--GENERAL INFORMATION
fixed length control field 010718s2002 nyua b 001 0 eng
010 ## - LIBRARY OF CONGRESS CONTROL NUMBER
LC control number 2001045558
020 ## - INTERNATIONAL STANDARD BOOK NUMBER
International Standard Book Number 0471413658 (cloth : alk. paper)
040 ## - CATALOGING SOURCE
Original cataloging agency DLC
Transcribing agency DLC
Modifying agency DLC
041 ## - LANGUAGE CODE
Language code of text/sound track or separate title eng
042 ## - AUTHENTICATION CODE
Authentication code pcc
080 ## - UNIVERSAL DECIMAL CLASSIFICATION NUMBER
Universal Decimal Classification number 658.1511
082 00 - DEWEY DECIMAL CLASSIFICATION NUMBER
Classification number 658.1511
Edition number 21
100 1# - Rafti
Rafti 62
101 ## - Shkurtesa
Shkurtesa KM
245 10 - TITLE STATEMENT
Title Managerial accounting :
Statement of responsibility, etc Jerry J. Weygandt, Donald E. Kieso, Paul D. Kimmel.
504 ## - BIBLIOGRAPHY, ETC. NOTE
Bibliography, etc Includes bibliographical references and index.
906 ## - LOCAL DATA ELEMENT F, LDF (RLIN)
a 7
b cbc
c orignew
d 1
e ocip
f 20
g y-gencatlg
942 ## - ADDED ENTRY ELEMENTS (KOHA)
Source of classification or shelving scheme
Item type Books
Holdings
Withdrawn status Lost status Source of classification or shelving scheme Damaged status Not for loan Collection code Permanent location Current location Shelving location Date acquired Total Checkouts Full call number Barcode Date last seen Price effective from Koha item type
          Koleksioni i përgjithshem UBT - Lipjan UBT - Lipjan Koleksioni i përgjithshem 08/29/2018   658.1511 KIE 002-3011959 08/29/2018 08/29/2018 Books
UBT Library © 2015-2024. All rights reserved University Education for Business and Technology